Was das Habsburgerreich richtig gemacht hat: Verspottet als "Völkerkerker", war der ausgedehnte Vielvölkerstaat erstaunlich fortschrittlich

Titel: Was das Habsburgerreich richtig gemacht hat: Verspottet als "Völkerkerker", war der ausgedehnte Vielvölkerstaat erstaunlich fortschrittlich / Paul Miller-Melamed, Claire Morelon
Verfasser: ;
In: Europäische Rundschau, Band 47, Heft 4 (2019), Seite 105-109
alle Artikel anzeigen
Veröffentlicht: 2019
Format: Aufsatz
Sprache: Deutsch
Schlagworte:
Kein Bild verfügbar
X
alg: 52322269
001A    $03025:06-11-24 
001B    $01999:06-11-24 $t22:46:55.000 
001D    $03025:06-11-24 
001U    $0utf8 
001X    $00 
002@    $0Aou 
002C    $aText $btxt $2rdacontent 
002D    $aohne Hilfsmittel zu benutzen $bn $2rdamedia 
002E    $aBand $bnc $2rdacarrier 
003@    $0523222696 
007A    $0523222696 $aHEB 
010@    $ager 
010E    $erda 
011@    $a2019 
021A    $aWas das Habsburgerreich richtig gemacht hat: Verspottet als "Völkerkerker", war der ausgedehnte Vielvölkerstaat erstaunlich fortschrittlich $hPaul Miller-Melamed, Claire Morelon 
028A    $BVerfasser $#Miller, Paul B. $#Miller-Melamed, Paul $#Melamed, Paul Miller- $#Miller, Paul Brian $4aut $71063982944 $8Miller, Paul$Z1964- [Tp3] $9351887563 
028C    $BVerfasser $4aut $71136293418 $8Morelon, Claire$Z1984- [Tp3] $9404909256 
031A    $d47 $e4 $h105-109 $j2019 
039B    $aEnthalten in $8--Abvc--. Europäische Rundschau. - Wien : Herold, Druck- und Verl.-Ges., 1973-[2020]. - ISSN 0304-2782 $x201900000470004895 $9046862706 
044K    $RÖsterreich $RUngarn $#Österreich-Ungarn $#Österreich-Ungarn $#Österreichisch-Ungarische Monarchie $#Donaumonarchie $#Doppelmonarchie $#Habsburgerreich 1867-1918 $#Habsburgisches Reich 1867-1918 $#Habsburgermonarchie 1867-1918 $#Osztrák-Magyar Birodalom $#Monarchie Austro-Hongroise $#Empire Austro-Hongrois $#Austria-Hungary $#Austrian-Hungarian Monarchy $#Austrian-Hungarian Empire $#Austria-Hungría $#Austria-Ungheria $#Monarchia Austro-Ungarica $#Austro-We̜gry $#Österreich-Ungarische Monarchie $#Österreichisch-Ungarisches Reich $#Osztrák-Magyar Monarchia $#Autriche-Hongrie $74075613-0 $8Österreich-Ungarn [Tg1] $9085213861 
044K    $RStaat $#Multinational states $#États multinationaux $#Vielvölkerstaat $#Vielvölkerstaat $#Multinationaler Staat $74171218-3 $8Nationalitätenstaat [Ts1] $9085787450 
045R    $aGeschichte 1850-1918 
045T    $a3,6 $a7,41 

lok: 52322269 78

exp: 52322269 78 1 #EPN
201B/01 $006-11-24 $t12:03:18.000 
201C/01 $006-11-24 
201U/01 $0utf8 
203@/01 $01281563943 
208@/01 $a06-11-24 $be 
209A/01 $a/ $f000 $x00 
209A/01 $ab*p $x01 
209S/01 $uhttps://anno.onb.ac.at/cgi-content/anno-plus?aid=eur&datum=2019&teil=0104&page=517 $XVolltext 
220C/01 $apgar 
244Z/01 $#Ostmitteleuropa $#Ostmitteleuropa $#Mitteleuropa, Ost $#Central Europe Ostmitteleuropa $#Mittelosteuropa $74075753-5 $8--Tg1--Ostmitteleuropa $x05 $9085214485 
244Z/01 $#Electronic publications $#Publications électroniques $#Elektronische Publikation $#Computerdatei Formschlagwort $#Datei Formschlagwort $#Elektronisches Dokument $#Magnetband Formschlagwort $#Magnetbandkassette Formschlagwort $#Elektronische Ressource $#Digitale Publikation $74514269-5 $8--Ts1--Elektronische Publikation $x21 $9089274407 
247C/01 $82080>Marburg/Lahn, Herder-Institut, Forschungsbibliothek, Bibliographieportal $9336309341
LEADER 00000caa a2200000 c 4500
001 523222696
003 DE-603
005 20241106224655.0
007 tu
008 241106s2019 xx |||| | u00||u|ger c
035 |a (DE-599)HEB523222696 
040 |a DE-603  |b ger  |c DE-603  |d DE-603  |e rda 
041 |a ger 
084 |a 3,6  |a 7,41  |2 ssgn 
100 1 |a Miller, Paul  |d 1964-  |e Verfasser  |4 aut  |0 (DE-603)351887563  |0 (DE-588)1063982944  |2 gnd 
245 0 0 |a Was das Habsburgerreich richtig gemacht hat: Verspottet als "Völkerkerker", war der ausgedehnte Vielvölkerstaat erstaunlich fortschrittlich  |c Paul Miller-Melamed, Claire Morelon 
264 0 |c 2019 
336 |a Text  |b txt  |2 rdacontent 
337 |a ohne Hilfsmittel zu benutzen  |b n  |2 rdamedia 
338 |a Band  |b nc  |2 rdacarrier 
648 7 |a Geschichte 1850-1918  |2 gnd 
650 7 |a Nationalitätenstaat  |0 (DE-588)4171218-3  |0 (DE-603)085787450  |2 gnd 
651 7 |a Österreich-Ungarn  |0 (DE-588)4075613-0  |0 (DE-603)085213861  |2 gnd 
700 1 |a Morelon, Claire  |d 1984-  |e Verfasser  |4 aut  |0 (DE-603)404909256  |0 (DE-588)1136293418  |2 gnd 
773 0 8 |i Enthalten in  |t Europäische Rundschau  |d Wien : Herold, Druck- und Verl.-Ges., 1973-[2020]  |x 0304-2782  |g Band 47, Heft 4 (2019), Seite 105-109  |w (DE-603)046862706  |w (DE-600)7170-5 
924 0 |9 2080  |a (DE-603)1281563943  |b DE-2080  |c HES  |d d  |g /  |k https://anno.onb.ac.at/cgi-content/anno-plus?aid=eur&datum=2019&teil=0104&page=517